| 000 | 00980nam a22002417a 4500 | ||
|---|---|---|---|
| 005 | 20170531120205.0 | ||
| 010 | _a1516ENO7 ENG-114605 | ||
| 020 |
_a9789350716663 _c335.00 |
||
| 035 | _aEN-98137 | ||
| 035 | _aB-607062-089 | ||
| 035 | _aB-666055 | ||
| 037 |
_adpl _bVariety/Ven |
||
| 037 | _bDBAD/PUB | ||
| 082 | _a658.8 | ||
| 245 | _aManaging and marketing of financial services | ||
| 250 | _a2nd ed | ||
| 260 |
_aNew Delhi _bTaxmann Publications _c2015(repr.) |
||
| 270 |
_a59/32, New Rohtak Road, _bNewDelhi _e110005 _k+91-11-45562222 _l- _m- |
||
| 300 |
_aI-22,378p. _c24cm(pbk) |
||
| 942 |
_2ddc _cEN _mMAN _h658.8 |
||
| 999 |
_c95768 _d95768 |
||